[Event "CUB-ch KO"]
[Site "Santa Clara"]
[Date "2005.04.25"]
[Round "3.1"]
[White "Dominguez Perez, Leinier"]
[Black "Bruzon Batista, Lazaro"]
[Result "1/2-1/2"]
[WhiteElo "2658"]
[BlackElo "2669"]
[Annotator "Postny,E"]
[PlyCount "131"]
[EventDate "2005.04.18"]
[EventType "k.o."]
[EventRounds "3"]
[EventCountry "CUB"]
[SourceTitle "CBM 107"]
[Source "ChessBase"]
[SourceDate "2005.08.01"]
[SourceVersion "1"]
[SourceVersionDate "2005.08.01"]
[SourceQuality "1"]

1. e4 e5 2. Nf3 Nc6 3. Bb5 a6 4. Ba4 Nf6 5. O-O Nxe4 6. d4 b5 7. Bb3 d5 8. dxe5
Be6 9. Be3 ({The main alternative is} 9. Nbd2) 9... Be7 (9... Bc5 10. Qe2 Qe7
11. Rd1 Rd8 12. Nbd2 Bxe3 13. Qxe3 $14 {1-0 Akopian,V-Adianto,U/Tripoli 2004/
CBM 102 [Postny,E] (43)}) 10. c3 Nc5 {The idea of this move, is to attack
White's Pe5 as soon as possible. More popular lines are: 10...0-0 and 10...Qd7.
} 11. Bc2 Nd7 12. Re1 ({The move} 12. Bd4 {appeared a few times in practice as
well.}) 12... Ndxe5 13. Nxe5 Nxe5 14. Bd4 {[%csl Rg7] White wins back the pawn.
} Nc6 (14... Ng6 15. Bxg7 Rg8 16. Bxg6 Rxg7 17. Rxe6 hxg6 18. Re5 c6 {1/2-1/2
Krnan,T-Mikhalevski,V/Kapuskasing 2004/CBM 101 ext [Mikhalevski,V] (65)}) 15.
Bxg7 Rg8 16. Qh5 {[%csl Re6]} Kd7 (16... Rxg7 $6 17. Rxe6 Rg5 18. Qxg5 fxe6 19.
Qh5+ Kd7 20. Nd2 $16) 17. Bh6 Bc5 {The idea of Motylev seriously improved
Black's chances in this risky opening variation.} ({Other moves are worse:} 
17... Bd6 18. Qxf7+ (18. f4 Kc8 19. Nd2 Kb7 20. f5 Bd7 21. Nf3 $16 {1-0
Dolmatov,S-Levin,F/Dortmund 1992/CBM 029 (30)}) 18... Bxf7 19. Bf5+ Be6 20.
Bxe6+ Ke7 21. Bxg8+ Kf6 22. Be6 Bxh2+ 23. Kxh2 Qd6+ 24. g3 Re8 25. Bf4 Qd8 {
1/2-1/2 Erdogdu,M-Mamedyarov,S/Kocaeli 2002/CBM 089 ext (25)}) (17... Bf8 18.
Bxf8 Qxf8 19. Nd2 h6 20. Nf3 Qg7 21. g3 Qg4 22. Ne5+ Nxe5 23. Qxe5 $14 {
1-0 Asrian,K-Mamedyarov,S/Dubai 2000/EXT 2001 (44)}) (17... Bg5 18. f4 Bxh6 19.
Qxh6 Kc8 20. f5 Bd7 21. Nd2 Rb8 22. Nf3 $14 {1/2-1/2 Miranovic,R-Mikhalchishin,
A/Cetinje 1992/EXT 97 (30)}) (17... Bf6 18. f4 d4 19. Be4 Ne7 20. Qc5 c6 21.
Bg5 Bxg5 22. fxg5 Kc7 23. cxd4 $16 {1-0 Ghaem Maghami,E-Sagalchik,G/playchess.
com INT 2004/CBM 099 ext (46)}) 18. Nd2 Qf6 19. Be3 $146 {[%mdl 8] As I
mentioned in the annotations to the game Kotronias-Motylev, this move is the
real test of black's new idea 17...Bc5.} (19. Ne4 $2 dxe4 20. Qxc5 Rxg2+ $1 21.
Kxg2 Rg8+ 22. Kf1 Bc4+ 23. Qxc4 (23. Re2 $2 Qf3 $19) 23... bxc4 $19) (19. Nf3
$2 Rg4 $1 {[%csl Rf3] and Black had a good positionin the game Kotronias,
V-Motylev,A/Moscow 2005/CBM 106 [Postny,E]}) 19... Bd6 {The exchange of
bishops could reduce Black's attacking potential on the kingside.} 20. g3 Rg4
21. Kh1 (21. Qxh7 $2 Rh8 22. Qd3 Rxh2 $3 23. Kxh2 Qh4+ 24. Kg2 Rxg3+ $1 25.
fxg3 Qxg3+ 26. Kf1 Qh3+ 27. Ke2 Bg4+ 28. Nf3 Ne5 $1 29. Qh7 Qxf3+ 30. Kd2 Nc4+
31. Kc1 Nxe3 {and White won't survive the attack.}) 21... Rag8 22. f4 {[%cal
Gf4f5]} (22. Bd1 $2 Ne5 $1 23. Bxg4 Bxg4 24. Qh6 Qxh6 25. Bxh6 Nd3 $17 {
[%csl Rb2,Re1,Rf2]}) 22... Kc8 23. Nf3 R8g6 $1 {[%mdl 512] An excellent move.
White has a lot to think about...} 24. Bd4 $6 (24. Bxg6 hxg6 25. Qh7 d4 26.
Bxd4 (26. cxd4 Bd5 27. Rf1 Qe6 28. Rae1 Bb4 29. Re2 Kb7 $1 {[%cal Gc6d4]} (
29... Nxd4 $4 30. Qh8+ $18 {[%cal Gh8c8,Gh8d4]})) 26... Nxd4 27. Nxd4 Bd5+ 28.
Kg1 Qxf4 29. Qh3 Bc5 {with a great initiative for the exchange.}) ({The best
option for white was probably:} 24. f5 $5 d4 25. Rf1 $1 (25. Bxd4 $2 Nxd4 26.
cxd4 Bd5 $19) (25. Nxd4 $2 Bd5+ 26. Kg1 Bxg3 $19) 25... dxe3 (25... Bd5 $2 26.
fxg6 Bxf3+ 27. Kg1 $18) 26. fxe6 e2 27. Rf2 R4g5 28. Qxh7 (28. Qh3 $1 Rxg3 29.
Qf5 Qxf5 30. Bxf5 fxe6 31. Bxg6 Rxg6 32. Rxe2 $16) 28... Rxg3 (28... Bxg3 29.
Bxg6 (29. hxg3 Rh6+ 30. Qxh6 Qxh6+ 31. Kg2 Qxe6 32. Nxg5 e1=Q 33. Rxe1 Qxe1 $17
) 29... Bxf2 30. Nxg5 fxg6 31. Qf7 Qxg5 32. Qxf2 Qd5+ 33. Qg2 Qd1+ 34. Qg1 Qd5+
$11) 29. Be4 Qxe6 30. Rxe2 Rh6 31. Qf5 $11) 24... Nxd4 25. Nxd4 Rh6 $2 (25...
Rxg3 26. Bxg6 (26. Nxe6 Rh6 27. Nc5 Rxh5 28. Re8+ Qd8 29. Bf5+ Rxf5 30. Rxd8+
Kxd8 31. Nb7+ Kd7 $19) (26. Nf5 R3g4 27. Nxd6+ cxd6 28. f5 d4 $1 $19) 26...
Rxg6 27. Nxe6 (27. f5 Rh6 {[%csl Rh2][%cal Gh6h2]}) 27... fxe6 {with more than
sufficient compensation for the exchange.}) 26. Rxe6 $1 Qxe6 27. Qf5 $2 (27.
Nxe6 Rxh5 28. Bd1 fxe6 29. Bxg4 Rh6 $11) {[%tqu "En","Try to find the best
move for black.","","","g4g3","This queen sacrifice was obviously
underestimated by Dominguez.",20]} 27... Rxg3 $3 {[%mdl 512] This queen
sacrifice was obviously underestimated by Dominguez.} 28. Nxe6 fxe6 29. Qxe6+ {
White is forced to give the queen back and go to a bad endgame.} (29. Qf7 $6
Rgh3 30. Kg2 (30. Kg1 $2 Rxh2 {[%cal Gd6c5]} 31. Rd1 Rxc2 $19) 30... Rxh2+ 31.
Kf3 Rxc2 (31... R6h3+ 32. Kg4 Rh4+ 33. Kg3 Bxf4+ 34. Kf3 R4h3+ 35. Kxf4 Rf2+
36. Kg4 Rxf7 37. Kxh3 $15) 32. Re1 Rh4 33. Qxe6+ Kb8 34. Re2 Rxf4+ 35. Kg2
Rxe2+ 36. Qxe2 Rh4 {with good winning chances for Black.}) 29... Rxe6 30. hxg3
Re2 31. Bxh7 Rxb2 32. a4 Rb3 (32... b4 $6 33. cxb4 Rxb4 (33... Bxb4 34. Rb1 $11
) 34. Kg2 {and White should be OK here.}) 33. axb5 axb5 34. Rc1 d4 35. cxd4
Rxg3 36. Bf5+ Kb7 37. Rf1 Kb6 38. Be6 Rd3 ({Not bad is also} 38... c6 39. f5
Rd3 40. f6 Rxd4 41. f7 Bf8 {with good winning chances.}) 39. d5 b4 40. f5 b3
41. f6 b2 42. Bf5 Rxd5 43. Bb1 {Black won the pawn and has two connected
passed pawns. Still, it's not so easy to break white's blockade.} Rc5 $2 {
The wrong plan.} ({The right move was} 43... Rd2 $1 {cutting the white king
off.} 44. f7 Kb5 (44... c5 $4 45. Rf6) 45. Ba2 c5 46. f8=Q Bxf8 47. Rxf8 c4 $19
) 44. f7 Rc1 45. Kg2 Bf8 46. Rh1 c5 $2 ({After} 46... Kc5 $1 {black retained
winning chances.}) 47. Bf5 $1 {[%cal Gh1h8]} Rxh1 {Black is forced to exchange
rooks, which leads to a drawish endgame.} (47... c4 48. Rh8 Ba3 49. Rb8+ Kc7
50. Rxb2 $11) 48. Kxh1 Kb5 49. Kg2 Kb4 50. Kf3 Kc3 51. Ke2 {White's king
arrived just in time.} c4 52. Bb1 Kb3 53. Ke3 Bg7 (53... c3 54. Kd3 Bg7 55.
Bc2+ Ka2 56. Kc4 b1=Q 57. Bxb1+ Kxb1 58. f8=Q Bxf8 59. Kxc3 $11) 54. Ke4 Kc3
55. Kd5 Bh6 56. Ba2 Kb4 57. Bb1 {Black can't achieve any progress.} Kb3 58. Kd4
Bf8 59. Ke4 Bg7 60. Ke3 Kc3 61. Ba2 Bh6+ 62. Ke2 Kb4 63. Kd1 Ka3 64. Bb1 Kb3
65. Ke2 Kc3 66. Ba2 1/2-1/2

[Event "Corus-C"]
[Site "Wijk aan Zee"]
[Date "2004.01.10"]
[Round "1"]
[White "Pavlovic, Milos"]
[Black "Ernst, Sipke"]
[Result "0-1"]
[WhiteElo "2548"]
[BlackElo "2474"]
[Annotator "Postny,E"]
[PlyCount "102"]
[EventDate "2004.01.10"]
[EventType "tourn"]
[EventRounds "13"]
[EventCountry "NED"]
[EventCategory "9"]
[SourceTitle "CBM 099"]
[Source "ChessBase"]
[SourceDate "2004.03.30"]
[SourceVersion "1"]
[SourceVersionDate "2004.03.30"]
[SourceQuality "1"]

1. e4 e5 2. Nf3 Nc6 3. Bb5 a6 4. Ba4 Nf6 5. O-O Nxe4 6. d4 b5 7. Bb3 d5 8. dxe5
Be6 9. Nbd2 Be7 ({More popular is the immediate} 9... Nc5) 10. c3 (10. Nxe4
dxe4 11. Bxe6 fxe6 12. Ng5 Qxd1 (12... Bxg5 13. Qh5+ g6 14. Qxg5 O-O 15. Qg4
Qd5 16. Re1 Rf5 17. Bh6 $36 {1-0 Geller,E-Krasenkow,M/Cappelle la Grande 1992/
EXT 97 (26)}) 13. Rxd1 Bxg5 14. Bxg5 Rf8 $11 {1/2-1/2 Sax,G-Tarjan,J/Hastings
1977/MCD (42)}) 10... O-O 11. Re1 {This line is probably not the most
promising for white.} ({Other popular continuations are:} 11. Bc2) ({and} 11.
Qe2) 11... Nc5 12. Bc2 $6 (12. Nd4 Nxd4 13. cxd4 Nd3 14. Re3 Nf4 15. Bc2 c5
$132 {1/2-1/2 Vasiukov,E-Suetin,A/Kiev 1964/URS-ch (60)}) 12... d4 $1 {This
continuation was played as long ago, as in the game Lasker-Tarrasch/St
Petersburg 1914!} 13. Nb3 (13. cxd4 Nxd4 14. Nxd4 Qxd4 15. Qe2 Rad8 16. Nf3 Qc4
17. Be3 Qxe2 18. Rxe2 Bc4 19. Rd2 Ne6 $15 {1/2-1/2 Georgiev,K-Piket,J/Biel
1993/CBM 37 (43)}) 13... dxc3 14. bxc3 Qxd1 15. Rxd1 Na4 $1 $146 {[%mdl 8]
This move did not appear in practice before, but was already pointed out by GM
V.Mikhalevski in his comments to the game Giaccio-Sorin (see below).} (15...
Rfd8 16. Bg5 Rxd1+ 17. Rxd1 Nxb3 18. axb3 Rd8 19. Rxd8+ Bxd8 20. Bxd8 Nxd8 21.
b4 Bd5 22. Nd4 g6 {1/2-1/2 Giaccio,A-Sorin,A/Villa Gisell 1998/CBM 64 
[Mikhalevski,V] (22)}) (15... Rad8 16. Bg5 Rxd1+ 17. Rxd1 Na4 18. Na5 Nxa5 19.
Bxe7 Re8 20. Ng5 Nxc3 21. Bxh7+ Kh8 22. Rd3 Nd5 23. Bc5 g6 24. Nxe6 Rxe6 25.
Rxd5 Kxh7 26. f4 $14 {1-0 Anand,V-Korneev,O/Villarrobledo rapid 1998/EXT 99 
(53)}) 16. Bd2 (16. Nbd4 Nxd4 17. cxd4 Nc3 18. Rd2 Rfd8 19. Bb3 c5 $1 $15 {
Mikhalevski,V}) 16... Rfd8 17. Nbd4 (17. Be4 Bd5 $15) 17... Nxd4 18. Nxd4 $2 {
After this move white's position could hardly be saved.} ({Stronger was} 18.
cxd4 Nb2 19. Re1 (19. Rdc1 Nc4 $17) 19... Nc4 20. Be4 {keeping slightly worse,
but playable position.}) 18... Nb2 19. Re1 (19. Rdb1 Nc4 20. Bf4 Na3 $17) 19...
c5 20. Nxe6 ({The passive} 20. Nf3 {can not solve white's problems as well.})
20... Rxd2 21. Be4 Ra7 22. Nf4 c4 {[%cal Ge7c5]} 23. Kf1 Bc5 24. Re2 Rad7 ({
Also good was} 24... Rxe2 25. Nxe2 (25. Kxe2 Re7 {[%csl Re5]}) 25... Re7 26. f4
Rd7 {followed by 27...Rd2 cramping white's position completely.}) 25. e6 fxe6
26. Nxe6 Rxe2 27. Kxe2 Be7 $6 (27... Ba3 $1 28. Nf4 Na4 29. Nd5 Kf8 {and white
simply can not hold his Pc3.}) 28. Nf4 Na4 29. Nd5 Kf7 30. Rd1 Bf6 31. Ke3 (31.
Bc2 $2 Rxd5 32. Bxa4 Re5+ $19) 31... g6 32. Bc2 Nb2 33. Rd2 Bg7 34. f4 ({
Nothing changes} 34. Be4 Na4) 34... Ke6 35. Nb4 $6 {The following alternatives
could give white better surviving chances:} (35. Nb6 Rd6 $6 (35... Rxd2 36.
Kxd2 a5 $17) 36. f5+ gxf5 37. Bxf5+ Ke5 38. Nd7+ Rxd7 39. Bxd7 (39. Rxd7 $2
Bh6+) 39... Bh6+ 40. Ke2 Bxd2 41. Kxd2 Na4 42. Bc6) (35. Be4 Nd3 36. Nb6 (36.
Bxd3 $2 cxd3 37. Nb6 Rd6 {and white's knight is doomed.}) 36... Rd6 37. Nc8 Rd8
38. Bxd3 cxd3 39. Na7) 35... Bxc3 36. Rxd7 $6 ({It would have been useful for
white to exchange pawns:} 36. f5+ gxf5 37. Rxd7 Kxd7 38. Bxf5+ Kd6 39. Nxa6 {
although, the endgame remains tough for white.}) 36... Kxd7 37. Nxa6 Kd6 38. a3
Na4 {[%csl Ra3][%cal Gc3b2]} 39. Nb4 $6 {This move is equivalent to
resignation. On the other hand, there is no significant improvement for white.}
Bxb4 40. axb4 Nc3 {The threat Nc3-d5 is unavoidable. Black will capture the
Pb4 and get two connected passed pawns on the queenside.} 41. f5 Nd5+ 42. Kd2
g5 43. Be4 h5 ({But not} 43... Ke5 $2 44. Bxd5 Kxd5 45. g4 $11) 44. g3 g4 45.
Bg2 Nxb4 46. f6 Ke6 47. Kc3 Nd3 $4 {This blunder spoils all of black's
advantage.} ({Simply winning was} 47... Na6 48. Bc6 Nc7 {followed by 49...Kxf6.
}) 48. Kd4 $4 {Missing the opportunity to save the game.} ({After} 48. Bb7 $1
Ne5 49. Ba6 Nf3 50. Bxb5 Kxf6 51. Bxc4 Nxh2 52. Kd2 {white could achieve a
draw.}) 48... Kxf6 {Now it's all over for white.} 49. Bc6 b4 50. Be8 (50. Bb5
Ne5 $19) 50... Ne5 51. Bxh5 c3 0-1

[Event "URS-chT Cup 11th"]
[Site "Rostov on Don"]
[Date "1980.05.??"]
[Round "2"]
[White "Chekhov, Valery A"]
[Black "Zakharov, Alexander V"]
[Result "1/2-1/2"]
[WhiteElo "2410"]
[BlackElo "2450"]
[Annotator "RR"]
[PlyCount "45"]
[EventDate "1980.05.23"]
[EventType "team-tourn"]
[EventRounds "7"]
[EventCountry "URS"]
[SourceTitle "EXT 2020"]
[Source "ChessBase"]
[SourceDate "2019.10.17"]
[SourceVersion "1"]
[SourceVersionDate "2019.10.17"]
[SourceQuality "1"]
[WhiteTeam "Lokomotiv"]
[BlackTeam "Trud"]
[WhiteTeamCountry "URS"]
[BlackTeamCountry "URS"]

1. e4 e5 2. Nf3 Nc6 3. Bb5 a6 4. Ba4 Nf6 5. O-O Nxe4 6. d4 b5 7. Bb3 d5 8. dxe5
Be6 9. Be3 Be7 10. Nbd2 Nc5 11. c3 Bg4 12. Bc2 Ne6 13. Qb1 Bh5 14. a4 b4 15. a5
Bg6 16. Bxg6 hxg6 $146 ({RR} 16... fxg6 17. Nb3 bxc3 18. bxc3 Rb8 19. Qa2 Qd7
20. Rfd1 O-O 21. c4 Rxf3 22. Rxd5 Rxe3 23. Rxd7 Rexb3 24. c5 Bxc5 25. Rd3 Ncd4
26. Rxb3 Rxb3 27. Rb1 Ra3 28. Qd5 Kf7 29. Qd7+ Be7 30. f4 Ne2+ 31. Kh1 {
Lanka,Z (2340)-Chekhov,V (2410)/Riga 1980/MCL/1-0 (41)}) 17. Qd3 Rh5 $132 {
[%cal Gc6e5,Gh5e5]} 18. Rfd1 (18. Bd4 Qd7) 18... Nxe5 (18... Kf8) 19. Nxe5 Rxe5
20. Nf3 Re4 21. Nd2 Rh4 22. Nf3 Re4 23. Nd2 1/2-1/2

[Event "FRA-chT Top 16 GpA"]
[Site "Monte Carlo"]
[Date "2006.02.??"]
[Round "3"]
[White "Kotronias, Vasilios"]
[Black "Sokolov, Ivan"]
[Result "1/2-1/2"]
[WhiteElo "2620"]
[BlackElo "2685"]
[Annotator "RR"]
[PlyCount "48"]
[EventDate "2006.02.03"]
[EventType "team"]
[EventRounds "11"]
[EventCountry "MNC"]
[SourceTitle "EXT 2015"]
[Source "ChessBase"]
[SourceDate "2014.11.20"]
[SourceVersion "1"]
[SourceVersionDate "2014.11.20"]
[SourceQuality "1"]
[WhiteTeam "Antibes"]
[BlackTeam "Monaco"]
[WhiteTeamCountry "FRA"]
[BlackTeamCountry "MNC"]

1. e4 e5 2. Nf3 Nc6 3. Bb5 a6 4. Ba4 Nf6 5. O-O Nxe4 6. d4 b5 7. Bb3 d5 8. dxe5
Be6 9. Be3 (9. c3) (9. Nbd2) (9. Qe2) 9... Be7 10. c3 O-O (10... Nc5 {[%cal
Gc5b3]} 11. Bc2 Nd7 12. Re1 Ndxe5) 11. Nbd2 Qd7 12. Re1 Nxd2 13. Qxd2 Na5 14.
Bg5 Nc4 $146 (14... c5 {Kamsky,G (2671)-Carlsen,M (2646) Turin ol (Men) 37th
2006 (13) 1/2}) 15. Bxc4 bxc4 {[%csl Rb2][%cal Ga8b8]} 16. Bxe7 Qxe7 17. b4 $1
cxb3 18. axb3 c5 19. Ra5 Rab8 (19... Rfb8 20. Qa2 Qc7 $11) 20. Qa2 d4 21. cxd4
Rxb3 22. Qa1 Rxf3 $1 {[%csl Rg1] Les noirs forcent la nulle car le K blanc
sera trop exposé.} 23. gxf3 Qg5+ 24. Kh1 Bd5 {Monaco a gagné facilement le
match par 5-1 mais cette rencontre a suscité une polémique en France car
l'équipe d'Antibes alignait au 1er échiquier, le trés controversé F.BAIRAMIAN}
1/2-1/2

[Event "Interzonal-14a"]
[Site "Subotica"]
[Date "1987.??.??"]
[Round "16"]
[White "Short, Nigel D"]
[Black "Prasad, Devaki V"]
[Result "1/2-1/2"]
[WhiteElo "2615"]
[BlackElo "2425"]
[Annotator "Rodriguez,Am"]
[PlyCount "169"]
[EventDate "1987.06.??"]
[EventType "tourn"]
[EventRounds "17"]
[EventCountry "YUG"]
[EventCategory "11"]
[SourceTitle "CBM 003"]
[Source "ChessBase"]
[SourceDate "1988.04.01"]
[SourceVersion "1"]
[SourceVersionDate "1988.04.01"]
[SourceQuality "1"]

1. e4 e5 2. Nf3 Nc6 3. Bb5 a6 4. Ba4 Nf6 5. O-O Nxe4 6. d4 b5 7. Bb3 d5 8. dxe5
Be6 9. c3 Be7 10. Nbd2 O-O 11. Bc2 f5 12. Nd4 Nxd4 13. cxd4 Nxd2 14. Bxd2 c5
15. dxc5 Bxc5 16. Bb3 $5 (16. Rc1 $1 $14) 16... Qb6 17. Qf3 Rad8 (17... Kh8
$142) 18. Rac1 b4 (18... Bd4 $2 19. Bb4 {/\ Bd6 >< d5+/-}) 19. Rc2 Kh8 20. Rfc1
Rc8 $8 21. Bf4 {/\ Bd5} (21. Bxd5 Bxd5 22. Qxd5 Bxf2+ $132) 21... Rfd8 22. h4
h6 23. h5 a5 24. Kh2 Qb5 {/\ a4, >< b3} 25. Rd2 (25. Rd1 Qe8 $13) 25... Be3 $1
26. Rxc8 $8 (26. Qxe3 $6 Rxc1 27. Bxh6 Qe8 $1 $17) 26... Bxf4+ 27. Qxf4 Rxc8
28. g3 a4 (28... Rc5 29. Rd4 Qc6 30. Qd2 {/\ f4, Qd3, g4+/-}) 29. Bd1 Rc4 $1
30. Be2 (30. Rd4 $2 Qc5 31. Rxc4 dxc4 32. Bxa4 c3 33. bxc3 bxc3 $17) 30... Rxf4
31. Bxb5 Re4 32. Bxa4 Rxe5 33. Bd1 (33. Rd4 Re4 $10) 33... Bf7 $1 (33... Re4 $2
34. Bf3 $16) 34. Bf3 Re7 35. Kg2 Ra7 36. b3 Ra5 $10 37. Kf1 Kg8 38. Ke2 Kf8 39.
Ke3 Ke7 40. Kd4 Kd6 41. Rc2 Be6 42. Be2 Bf7 43. f4 Ra7 $2 (43... Be6 $10) 44.
Bb5 $16 Bxh5 45. Rc6+ Ke7 46. Ba6 Bf3 47. Rb6 Be4 48. Ke5 Bb1 49. Kxd5 Bxa2 50.
Kc4 $6 (50. Bc4 $1 {/\ Rb4+/=; Short,N}) 50... Bb1 51. Kxb4 Be4 52. Kc3 Rd7 53.
Bc4 Rd6 $1 54. Rxd6 $8 Kxd6 55. Kd4 g5 56. Be2 gxf4 57. gxf4 Bd5 58. b4 Be4 $10
59. b5 Bd5 60. Bh5 Bb7 61. Kc4 Bd5+ 62. Kb4 Bg2 63. Ka5 Kc7 64. Ka6 Bf1 $10 65.
Bf3 Bd3 66. Ka5 Be4 $1 67. Bh5 (67. Bxe4 fxe4 68. Kb4 (68. Ka6 $4 e3 69. Ka7 e2
70. b6+ Kc6 71. b7 e1=Q 72. b8=Q Qa5#) 68... h5 $1 69. f5 h4 70. f6 h3 71. f7
h2 72. f8=Q h1=Q $10) 67... Kb7 68. Bg6 Ka7 69. b6+ Kb7 70. Kb5 Bd3+ 71. Kc5
Be4 72. Bh5 (72. Kd6 Kxb6 73. Ke5 Kc7 74. Bxf5 Bf3 $10) 72... Kb8 73. Be8 Kb7
74. Bg6 Ka6 (74... Bc2 $10) 75. Bxf5 Bxf5 76. Kc6 Be4+ 77. Kc7 h5 78. f5 h4 79.
f6 h3 80. b7 Bxb7 81. f7 h2 82. f8=Q h1=Q 83. Qf6+ Qc6+ 84. Qxc6+ Bxc6 85. Kxc6
1/2-1/2

[Event "Niksic"]
[Site "Niksic"]
[Date "1991.??.??"]
[Round "9"]
[White "Akopian, Vladimir Eduardovic"]
[Black "Todorovic, Goran M"]
[Result "1-0"]
[WhiteElo "2555"]
[BlackElo "2490"]
[Annotator "Schussler,H"]
[PlyCount "89"]
[EventDate "1991.04.??"]
[EventType "tourn"]
[EventRounds "13"]
[EventCountry "YUG"]
[EventCategory "9"]
[SourceTitle "CBM 024"]
[Source "ChessBase"]
[SourceDate "1991.10.01"]
[SourceVersion "1"]
[SourceVersionDate "1991.10.01"]
[SourceQuality "1"]

1. e4 e5 2. Nf3 Nc6 3. Bb5 a6 4. Ba4 Nf6 5. O-O Nxe4 6. d4 b5 7. Bb3 d5 8. dxe5
Be6 9. Nbd2 Nc5 10. c3 Be7 11. Bc2 Bg4 12. Qe1 O-O {The main alternative is 12.
- Ne6.} 13. Nd4 Nxe5 {Safer is 13. - Nxd4 14.cxd4 Ne6 with just a small
advantage for White after 15.Nb3.} 14. h3 (14. Qxe5 Bd6 15. Qe3 Re8 16. Nc6
Bxh2+ 17. Kxh2 Qh4+ 18. Kg1 Rxe3 19. fxe3 $16 {(Akopjan)}) 14... Ned3 (14...
Bd6 15. hxg4 Re8 16. f4 $18) 15. Bxd3 Nxd3 16. Qe3 Nxc1 17. hxg4 Bg5 18. f4 c5
19. Nc6 $1 Re8 20. Nxd8 Rxe3 21. fxg5 Nd3 {21. - Ne2+ 22.Kf2 + -} 22. Nxf7 $18
Nxb2 23. Nd6 Na4 24. Rae1 Rxe1 25. Rxe1 Nxc3 26. Re7 c4 27. Nf3 Ne4 28. Nxe4
dxe4 29. Rxe4 Rc8 30. Kf2 c3 31. Re1 b4 32. Ke3 Rd8 33. Ke2 a5 34. Rd1 Rc8 35.
Kd3 Kf8 36. Kc2 Re8 37. Re1 Rd8 38. Re5 Ra8 39. Nd4 a4 40. Rb5 b3+ 41. axb3 a3
42. Rf5+ Ke7 43. Rf1 a2 44. Ra1 Kd6 45. Nb5+ 1-0

[Event "Danzhou 7th"]
[Site "Danzhou"]
[Date "2016.07.10"]
[Round "3"]
[White "Harikrishna, Pentala"]
[Black "Ding, Liren"]
[Result "1-0"]
[WhiteElo "2755"]
[BlackElo "2778"]
[Annotator "Szabo,Kr"]
[PlyCount "81"]
[EventDate "2016.07.08"]
[EventType "tourn"]
[EventRounds "9"]
[EventCountry "CHN"]
[EventCategory "20"]
[SourceTitle "CBM 174"]
[Source "ChessBase"]
[SourceDate "2016.09.13"]
[SourceVersion "1"]
[SourceVersionDate "2016.09.13"]
[SourceQuality "1"]

1. e4 e5 2. Nf3 Nc6 3. Bb5 a6 4. Ba4 Nf6 5. O-O Nxe4 6. d4 b5 7. Bb3 d5 8. dxe5
Be6 9. Nbd2 Nc5 10. c3 Be7 11. Bc2 d4 12. Nb3 d3 13. Bb1 Nxb3 14. axb3 Bf5 15.
Re1 (15. Be3 {is more popular.}) 15... O-O 16. h3 ({Still} 16. Be3 {is more
common.}) 16... Qd7 17. b4 Rfd8 18. g4 {A good move, now the bishop is losing
the control of the e6-square.} Bg6 19. Bf4 (19. Ba2 {is the another
possibility.}) 19... Qc8 $146 {Novelty by Ding Liren. The queen went out from
e6 tempo and he frees the d-file for his rook.} ({Last year} 19... a5 {was
played by Giri,} 20. bxa5 Rxa5 21. Ba2 Rf8 22. b4 Ra4 23. Qd2 (23. e6 $5) 23...
Nd8 24. Bg5 c5 25. Bxe7 Qxe7 26. bxc5 Qxc5 $132 {with a double-edged fight,
Caruana-Giri, Stavanger 2015.}) 20. Ba2 {White continues his play.} a5 $1 {
The right reply. In this variation this is a typical reaction after Ba2.} 21.
e6 (21. bxa5 Nxa5 22. e6 f6 {is transposing to the text move.}) 21... f6 22.
bxa5 Nxa5 23. b4 Nc4 24. Bxc4 bxc4 25. Nd2 c5 $6 {A dubious move, now White's
b-pawn becomes very strong.} (25... Qb7 $1 $13 {was fine for Black!}) 26. b5 $1
{Correct reply!} Be8 27. Rxa8 $6 (27. b6 $1 {was more accurate} Bb5 28. Ra7 $1
{and Black is in a big trouble.}) 27... Qxa8 28. b6 Bc6 $6 {A logical move,
because Black wants to create a strong battery on the long diagonal. On the
other hand objectively this is a weak move.} (28... Bb5 {gives more practical
chances,} 29. Qa1 Qd5 30. Qa7 Bc6 31. f3 Kf8 {and White should be better, but
still this is not easy.}) 29. Bc7 Rd5 30. Nxc4 $6 {Inaccuracy, which gives
chances for Black.} (30. Qa1 $1 $16 {was correct and White is clearly better.})
30... Qa2 $1 {The best move! Black immediately find his counterattack.} 31. Nd2
g5 $2 {Probably Black wanted to avoid Bf4, but this is a bad move.} (31... c4
$1 {was important to connect the pawns.}) 32. Nf1 $2 {Error in reply! White
would like to play for Ne3, but the knight was very important on d2.} ({
White should separate Black's pawns with} 32. c4 $1 Rd4 33. Qc1 $16 {followed
by Qc3 and still Black has some practical chances, objectively White should be
better.}) 32... c4 (32... d2 $5) 33. Qd2 Qa8 $2 {Decisive mistake!} ({Black
should exchange queens:} 33... Qxd2 34. Nxd2 Rb5 35. Nxc4 {Otherwise ...Bd5.}
Rc5 $1 36. Nb2 Rxc3 37. Rd1 d2 38. Rxd2 Rxh3 $132 {and Black has a good
counterplay.}) 34. Ne3 $1 Rb5 35. Nxc4 Bh1 {Now the white king looks dangerous,
but objectively White is winning.} 36. Ne3 $1 {This move defends everything.}
Bc5 37. e7 $1 Bxe3 (37... Bxe7 38. Qxd3 $18 {is also hopeless for Black.}) 38.
fxe3 Kf7 39. e8=Q+ $1 {A pretty solution to finish the game.} Kxe8 40. e4 Bxe4
41. Qe3 1-0